00740cam a2200205 a 4500020002400000020002400024082001800048100001800066245008300084260007200167300003400239500002000273526003700293650000800330650002500338700001900363700002000382856006600402856006600468 a0198561520 (pbk.) : a0198561555 (hard) :00a668.9bMCCcD1 aMcCrum, N. G.10aPrinciples of polymer engineering /cN.G. McCrum, C.P. Buckley, C.B. Bucknall. aOxford [Oxfordshire] ;aNew York :bOxford University Press,c1988. axii, 391 p. :bill. ;c24 cm. aIncludes index. a0b0c0d668_900000000000000_MCC 0aMCE 0aPolymer engineering.1 aBuckley, C. P.1 aBucknall, C. B.41uhttp://www.loc.gov/catdir/enhancements/fy0640/87001658-t.html42uhttp://www.loc.gov/catdir/enhancements/fy0640/87001658-d.html